Neruda : el príncipe de los poetas /

Bibliographic Details
Main Author: Amorós, Mario, 1955- (Author)
Format: Electronic eBook
Language:Spanish
Published: Barcelona (España) : Ediciones B, [2015]
Subjects:
Online Access:Digitalia Hispánica

MARC

LEADER 00000nam a2200000Ii 4500
001 DIGEDICNSB0186
003 NyNyDIG
008 221020s2015 sp o 000 0 spa d
006 m o d
007 cr |||||||||||
035 |a (OCoLC)933618165 
040 |a DGITA  |b eng  |e rda  |e pn  |c DGITA 
043 |a s-cl--- 
020 |a 9788490692110  |q eBook 
020 |z 9788466656900 
050 1 4 |a PQ8097.N4 ebook 
100 1 |a Amorós, Mario,  |d 1955-  |e author. 
245 1 0 |a Neruda :  |b el príncipe de los poetas /  |c Mario Amorós. 
264 1 |a Barcelona (España) :  |b Ediciones B,  |c [2015] 
300 |a 1 online resource. 
336 |a text  |b txt  |2 rdacontent 
337 |a computer  |b c  |2 rdamedia 
338 |a online resource  |b cr  |2 rdacarrier 
347 |b EPUB 
588 0 |a Online resource; title from ePub title page (Digitalia, viewed October 20, 2022) 
600 1 0 |a Neruda, Pablo,  |d 1904-1973. 
650 0 |a Poets, Chilean  |y 20th century  |v Biography. 
791 2 |a Digitalia (Firm),  |e distributor. 
793 0 |g Digitalia eBook Collection:  |a Ediciones B 
776 0 8 |i Print version:  |a Amorós, Mario.  |t Neruda.  |b 1a edición.  |d Barcelona (España) : Ediciones B, [2015]  |z 9788466656900  
856 4 0 |3 Digitalia Hispánica  |u https://www.digitaliapublishing.com/a/54285/ 
910 |a Premium collection: 2022